सड़क का भूगोल / (Record no. 116009)

MARC details
000 -LEADER
fixed length control field 00958nam a22002537a 4500
005 - DATE AND TIME OF LATEST TRANSACTION
control field 20170124103033.0
010 ## - LIBRARY OF CONGRESS CONTROL NUMBER
LC control number A-244416
020 ## - INTERNATIONAL STANDARD BOOK NUMBER
Terms of availability 30.00
035 ## - SYSTEM CONTROL NUMBER
System control number A-244416
037 ## - SOURCE OF ACQUISITION
Source of stock number/acquisition Cen Lib/Ret
040 ## - CATALOGING SOURCE
Original cataloging agency DPL
Language of cataloging HN
082 ## - DEWEY DECIMAL CLASSIFICATION NUMBER
Classification number
Item number बटरो
100 ## - MAIN ENTRY--PERSONAL NAME
Personal name बटरोही
9 (RLIN) 500
245 ## - TITLE STATEMENT
Title सड़क का भूगोल /
Statement of responsibility, etc बटरोही
246 ## - VARYING FORM OF TITLE
Title proper/short title Sadak ka bhoogol /
Remainder of title by Batrohi
260 ## - PUBLICATION, DISTRIBUTION, ETC. (IMPRINT)
Place of publication, distribution, etc नयी दिल्ली
Name of publisher, distributor, etc नेशनल पब्लिशिंग हाउस
Date of publication, distribution, etc 1985
270 ## - ADDRESS
Address 23, दरयागंज
City नयी दिल्ली
Postal code 110002
300 ## - PHYSICAL DESCRIPTION
Extent 153पृ.
Dimensions 16सेमी (सजिल्द)
650 ## - SUBJECT ADDED ENTRY--TOPICAL TERM
Topical term or geographic name as entry element हिंदी साहित्य
9 (RLIN) 64363
650 ## - SUBJECT ADDED ENTRY--TOPICAL TERM
Topical term or geographic name as entry element हिंदी साहित्य
General subdivision कहानियां
9 (RLIN) 64364
650 ## - SUBJECT ADDED ENTRY--TOPICAL TERM
Topical term or geographic name as entry element Hindi literature
9 (RLIN) 64365
650 ## - SUBJECT ADDED ENTRY--TOPICAL TERM
Topical term or geographic name as entry element Hindi literature
General subdivision Stories
9 (RLIN) 64366
942 ## - ADDED ENTRY ELEMENTS (KOHA)
Source of classification or shelving scheme Dewey Decimal Classification
Koha item type Hindi Books
Classification part
Call number suffix बटरो
Holdings
Withdrawn status Lost status Damaged status Not for loan Home library Current library Date acquired Source of acquisition Cost, normal purchase price Total Checkouts Full call number Barcode Date last seen Copy number Cost, replacement price Price effective from Koha item type
        Central Library Central Library 22/08/2015 Cen Lib/Ref 30.00   क बटरो A-244416 22/08/2015 1 30.00 22/08/2015 Hindi Books

© Delhi Public Library
Hit Counter
free hit counter